000 00315nam a22001337a 4500
008 171106b xxu||||| |||| 00| 0 eng d
020 _a9780273651840
041 _aeng
080 _22ND
_a330.722.6
100 _a62
101 _aKON
245 _aINTERNATIONAL FINANCIAL ACCOUNTING
_cROBERTS,C
942 _2udc
_cBK
999 _c37898
_d37898